Cloud Types Quiz Stats

 Plays Quiz Updated Oct 24, 2018

Score 0/8 Timer 03:00
15 Plays Today
% Correct
Cumulus
83.5%
Stratus
78.5%
Cirrus
76.5%
Cumulonimbus
72.3%
Altostratus
31.1%
Stratocumulus
30.8%
Altocumulus
28%
Cirrocumulus
26.3%

You're not logged in!

Compare scores with friends on all Sporcle quizzes.
OR
Log In

Show Comments

Extras

Top Quizzes Today


Score Distribution

Your Account Isn't Verified!

In order to create a playlist on Sporcle, you need to verify the email address you used during registration. Go to your Sporcle Settings to finish the process.

Report this User

Report this user for behavior that violates our Community Guidelines.

Details: